000 00911nam a2200265Ia 4500
003 GCL
008 140319s9999 xx 000 0 ara d
040 _aGCL /
_cGCL
082 0 4 _aق
_b962.054
_bص م
100 1 _aصبرى ابوالمجد
245 1 0 _aمذكراتى فى السجن: صفحات مطوية من تاريخنا الوطنى /
_cصبرى ابوالمجد
260 _a[S.N] :
_bالهيئة المصرية العامة للكتاب ،
_c1989
300 _a745 ص
490 _a
650 0 4 _aالعصر الحديث
650 0 4 _aمصر
650 0 4 _aتاريخ
650 0 4 _aالاحوال السياسية
650 0 4 _aالمقاومة الشعبية
650 0 4 _aالملك فاروق
650 0 4 _aالاحتلال البريطانى
650 0 4 _aالاخوان المسلمون
650 0 4 _aالحرب العالمية الثانية 1939 - 1945
942 _2ddc
_cBK
999 _c28234
_d28234